000 00194 a2200097 4500
020 _a9780836845839
041 _aspa
100 _aBrown, Jonatha A.
245 _aMartn Luther King Jr.
942 _cBK
999 _c9863
_d9863